Une reine, un peuple - Statistiques

Statistiques générales
  • Ce quiz a été pris 157 fois
  • Le résultat moyen est 11 sur 18
Statistiques - réponses
Hint Réponse % Correct
Cléopâtre VII Égyptiens
95%
Victoria Britanniques
89%
Wu Zetian Chinois
84%
Go-Sakuramachi Japonais
79%
Marie-Thérèse Autrichiens
76%
Marie Stuart Écossais
75%
Seondeok Coréens de Silla
73%
Catherine II Russes
71%
Isabelle Ire Castillans et Aragonais
66%
Irène l'Athénienne Byzantins
61%
Anne Bretons
55%
Beatrix Néerlandais
55%
Didon Carthaginois
53%
Dihya / Kahena Berbères
50%
Christine Suédois
45%
Marguerite II Danois
34%
Tamar Géorgiens
34%
Hedwige Ire Polonais
20%
Aucun quiz correspondant
Distribution des résultats
% des personnes avec chaque résultat
Percentile par nombre de réponses
Votre historique - résultats
Vous n’avez pas pris ce quiz